000 00644nam a2200229Ia 4500
003 OSt
005 20220928105050.0
006 a|||||r|||| 00| 0
007 ta
008 220927b |||||||| |||| 00| 0 eng d
024 _a45408
037 _cTextual
040 _aSDCL
_cSDCL
_beng
041 _2eng
_aeng
082 _aO152,1M5:g, L6
100 _aMadhur Dayanand Sharma
_9413562
245 0 _aReetikaleen kaavya par sanskrit kaavya ka parbhaav.
260 _aKanpur
_bSaathiya Sansthan
_c1976
300 _a327p.
_ccm.
942 _hO152,1M5:g, L6
_cTEXL
_2CC
999 _c729343
_d729343